| 000 | 01089nam a22003497a 4500 | ||
|---|---|---|---|
| 001 | BR2019001726 | ||
| 003 | BR-BrBNA | ||
| 005 | 20230928105446.0 | ||
| 007 | ta | ||
| 008 | 230509b bl.||||| |||| 00| 0 por d | ||
| 040 |
_aBR-BrBNA _bpor _cBiblioteca Nacional de Agricultura |
||
| 041 | _a(Eng, Por) | ||
| 072 | _aP01; P36; F40 | ||
| 090 | _ P01 BR2019001726 | ||
| 100 | 1 | _aReiter, A.S. (org.) | |
| 100 | 1 | _aAscar, F. (org.) | |
| 100 | 1 | _aBaptista, M. (org.) | |
| 100 | 1 | _aBellenzani, M.L. (org.) | |
| 110 | 1 |
_aSecretaria Municipal do Verde e do Meio Ambiente, São Paulo, SP (Brasil) _99165 |
|
| 245 | 1 |
_aEcoturismo e agroecologia no extremo sul de São Paulo _bGuia turístico |
|
| 260 | 3 |
_aSão Paulo, SP (Brasil): _c2012. |
|
| 300 | _a80 p. | ||
| 500 | _a1 map, scale 1:85,000; 1 map, scale 1:170,000; 49 illus. | ||
| 650 | _aECOLOGIA VEGETAL | ||
| 650 | _aTURISMO | ||
| 650 | _aPARQUE MUNICIPAL | ||
| 650 | _aPARQUE ESTADUAL | ||
| 650 | _aPROTEÇÃO AMBIENTAL | ||
| 650 | _aPRESERVAÇÃO DA NATUREZA | ||
| 909 |
_a202309 _bLucia _c55 _dLucia Elande |
||
| 942 | _cBK | ||
| 999 |
_c85244 _d85244 |
||